A midsummer night's dream (Record no. 578)

MARC details
000 -LEADER
fixed length control field 00548 a2200169 4500
001 - CONTROL NUMBER
control field 066533
003 - CONTROL NUMBER IDENTIFIER
control field OSt
005 - DATE AND TIME OF LATEST TRANSACTION
control field 20211001104840.0
008 - FIXED-LENGTH DATA ELEMENTS--GENERAL INFORMATION
fixed length control field
082 ## - DEWEY DECIMAL CLASSIFICATION NUMBER
Classification number 822.33
Item number S15M
100 1# - MAIN ENTRY--PERSONAL NAME
Personal name Shakespeare, William
245 1# - TITLE STATEMENT
Title A midsummer night's dream
Statement of responsibility, etc by William Shakespeare
260 ## - PUBLICATION, DISTRIBUTION, ETC. (IMPRINT)
Place of publication, distribution, etc New Delhi
Name of publisher, distributor, etc Penguin
Date of publication, distribution, etc 2005
300 ## - PHYSICAL DESCRIPTION
Extent 128p.
690 ## - LOCAL SUBJECT ADDED ENTRY--TOPICAL TERM (OCLC, RLIN)
Topical term or geographic name as entry element Shakespeare, William, 1564-1616; Greece--Athens; Fairy plays; Man-woman relationships; Courtship; Kings and rulers; English drama (Comedy); Love
942 ## - ADDED ENTRY ELEMENTS (KOHA)
Source of classification or shelving scheme Dewey Decimal Classification
Koha item type Books
Holdings
Withdrawn status Lost status Source of classification or shelving scheme Damaged status Not for loan Collection code Home library Current library Date acquired Source of acquisition Cost, normal purchase price Total Checkouts Full call number Barcode Date last seen Date checked out Price effective from Koha item type
    Dewey Decimal Classification     General Text Book Central University Of Rajasthan Central University Of Rajasthan 07/03/2012 ENG 429.00 4 822.33 S15M 819 16/06/2026 20/05/2026 02/09/2020 Books